Vývoj slovenského realitného trhu z regionálneho pohľadu

Vybrané charakteristiky na ponukovej aj dopytovej strane v oblasti bývania a viaceré aspekty vývoja cien bývania podľa regiónov na Slovensku.

Guardado en:
Detalles Bibliográficos
Autor principal: Cár, Mikuláš
Formato: Capítulo de libro
Lenguaje:eslovaco
Materias:
Etiquetas: Agregar Etiqueta
Sin Etiquetas, Sea el primero en etiquetar este registro!

MARC

LEADER 00000naa a2200000 4500
001 0242358
005 20221104110751.3
041 0 |a slo 
044 |a SK 
245 1 0 |a Vývoj slovenského realitného trhu z regionálneho pohľadu  |c Mikuláš Cár 
520 |a Vybrané charakteristiky na ponukovej aj dopytovej strane v oblasti bývania a viaceré aspekty vývoja cien bývania podľa regiónov na Slovensku. 
610 2 0 |a trh realitný 
610 2 0 |a trh hypotekárny 
610 2 0 |a Slovensko 
610 2 0 |a regióny 
610 2 0 |a bývanie 
610 2 0 |a vývoj cenový 
100 1 |a Cár, Mikuláš